banner-ar

MA VIE ENTRE DES LIGNES / (Record no. 12575)

MARC details
000 -الفاتح
حقل البيانات ثابتة الطول 00485nam a2200193Ia 4500
008 - عناصر البيانات ثابتة الطول - معلومات عامة
حقل البيانات ثابتة الطول 140319s9999 xx 000 0 eng d
040 ## - مصدر الفهرسة
وكالة الفهرسة الأصلية GCL /
وكالة النسخ GCL
082 04 - رقم تصنيف ديوى العشرى
رقم التصنيف 920.71
رقم المادة B V
100 1# - المدخل الرئيسى - إسم شخصى
الإسم الشخصى BLONDIN, ANTOINE
245 10 - بيان العنوان
العنوان MA VIE ENTRE DES LIGNES /
بيان المسئوليه,etc BLONDIN, ANTOINE
260 ## - PUBLICATION, DISTRIBUTION, ETC. (IMPRINT)
تاريخ النشر أو التوزيع 1982
300 ## - الوصف المادى
التعداد 489 P
650 04 - المدخل الاضافى بالموضوع-مصطلح موضوعى
مصطلح موضوعي LIFE, HISTORY
650 04 - المدخل الاضافى بالموضوع-مصطلح موضوعى
مصطلح موضوعي BLONDIN, ANTOINE
650 04 - المدخل الاضافى بالموضوع-مصطلح موضوعى
مصطلح موضوعي BIOGRAPHY
650 04 - المدخل الاضافى بالموضوع-مصطلح موضوعى
مصطلح موضوعي MEMORIES
942 ## - عناصر المدخل الإضافي( كوها)
مصدر التصنيف او مخطط الترفيف Dewey Decimal Classification
Koha [default] item type كتاب
260 ## - PUBLICATION, DISTRIBUTION, ETC. (IMPRINT)
-- [S.N] :
-- LA TABLE RONDE ،
Holdings
حالة التراجع حالة الفقد حالة تلف ليس للاعارة المكان المؤقت الموقع الحالى تاريخ الاكتساب اجمالي اﻻعارات رقم الطلب الباركود تاريخ اخر مشاهدة تاريخ تفعيل السعر نوع وعاء كوها
        مكتبة القاهرة الكبرى مكتبة القاهرة الكبرى 03/26/2014   920.71\B V 24394 03/26/2014 03/26/2014 كتاب

Powered By

EGPV